Introduction to quantitative genetics
Enregistré dans:
| Auteur principal: | |
|---|---|
| Format: | Livre |
| Langue: | Undetermined |
| Publié: |
London
Longman
1985
|
| Sujets: | |
| Tags: |
Ajouter un tag
Pas de tags, Soyez le premier à ajouter un tag!
|
| Thư viện lưu trữ: | Trung tâm Học liệu Trường Đại học Cần Thơ |
|---|
| LEADER | 00503nam a2200193Ia 4500 | ||
|---|---|---|---|
| 001 | CTU_11406 | ||
| 008 | 210402s9999 xx 000 0 und d | ||
| 082 | |a 575.1 | ||
| 082 | |b F182 | ||
| 100 | |a D S Falconer | ||
| 245 | 0 | |a Introduction to quantitative genetics | |
| 245 | 0 | |c D S Falconer | |
| 260 | |a London | ||
| 260 | |b Longman | ||
| 260 | |c 1985 | ||
| 526 | |a Di truyền động vật | ||
| 526 | |b NNN625 | ||
| 650 | |a genetics | ||
| 980 | |a Trung tâm Học liệu Trường Đại học Cần Thơ | ||